Nomes que começam por A - Statistics

Estatísticas Gerais
  • Esse quiz foi jogado 488 vezes
  • A pontuação média é 13 de 52
Estatísticas das Respostas
Hint Resposta % Correto
1. Ana
91%
25. Alice
72%
4. André
70%
44. António
67%
45. Antónia
61%
35. Amanda
60%
2. Adriana
55%
3. Andreia
55%
23. Alexandre
49%
6. Adriano
46%
61. Artur
45%
24. Alexandra
35%
8. Amélia
34%
19. Alberto
33%
32. Ângela
33%
5. Álvaro
32%
34. Ângelo
29%
18. Augusto
29%
17. Afonso
28%
26. Alícia
27%
31. Angélica
26%
48. Armando
26%
33. Angelina
20%
49. Alfredo
19%
12. Aurora
18%
29. Anabela
17%
7. Amália
16%
22. Augusta
13%
11. Áurea
12%
14. Adélia
11%
47. Américo
11%
60. Arlindo
11%
36. Aurélio
11%
13. Adelaide
10%
20. Alberta
10%
43. Arlete
10%
28. Alzira
9%
9. Abílio
8%
21. Albertina
8%
42. Avelino
8%
10. Acácio
7%
46. Amadeu
7%
15. Adelina
6%
16. Adelino
5%
59. Amílcar
4%
37. Aurélia
4%
41. Avelina
4%
40. Angélico
3%
27. Almerinda
2%
38. Arsénio
2%
30. Anaísa
1%
39. Arsénia
1%
Nenhum quiz correspondente encontrado
Distribuição das Pontuações
Porcentagem de Pessoas com Cada Pontuação
Percentil de Números Respondidos
Sua Pontuação Histórica
Você não jogou esse quiz